Midnight’s Third Child

מידע ביבליוגרפי
מחבר ראשי: Naeem Mohaiemen
פורמט: לא ידוע
LEADER 00184 a2200085 4500
020 |a 9789849472018 
100 |a Naeem Mohaiemen  |9 55425 
245 |a Midnight’s Third Child 
942 |c BK 
999 |c 46118  |d 46118